00667nam a2200241 a 4500001001300000003000900013005001700022008004100039020001000080082001700090100002500107245002100132260004000153300001000193500003500203505001200238650002300250700002500273902000800298942000700306952009700313999001500410nice12345678IN_TiNIC20260116011418.0050524s1954 laha grp 000 0 eng  ac10000a297.297bSID aSiddiqi, Mazheruddin aMarxism Or Islam aLahorebOrientalia Publishersc1954 a168p. aincludes index and biblioraphy2 ano. 643 aCommunismand Islam1 aSiddiqi, Mazheruddin bSRS cBK 00104070aHMIbHMId2007-07-26g100.00l0o297.297 SIDp02149r2007-07-26w2026-01-16yEB c1306d1306